000 00671nam a2200169Ia 4500
005 20250423100256.0
008 250422s9999 xx 000 0 und d
020 _a978978479720
050 _aBL 410 .M87/
245 0 _aMuslim relations with christians, jews and others: association, dissociation, kindness, justice, and compassion
260 _aMinna, Nigeria
260 _bDa’wah institute of Nigeria
260 _c2018
300 _a241 p
650 _aAbrahamic religions. Religions--Relations. Judaism--Relations--Christianity. Judaism--Relations--Islam. Christianity and other religions--Judaism. Islam--Relations--Judaism. Israel--Religion.
942 _cBK
999 _c32811
_d32811